| 000 -LEADER |
| fixed length control field |
01106pab a2200181 454500 |
| 008 - FIXED-LENGTH DATA ELEMENTS--GENERAL INFORMATION |
| fixed length control field |
180718b2000 xxu||||| |||| 00| 0 eng d |
| 100 ## - MAIN ENTRY--PERSONAL NAME |
| Personal name |
Qureshi, J.M. |
| 245 ## - TITLE STATEMENT |
| Title |
The senior command course |
| 260 ## - PUBLICATION, DISTRIBUTION, ETC. |
| Date of publication, distribution, etc. |
2000 |
| 300 ## - PHYSICAL DESCRIPTION |
| Extent |
p.85-89 |
| 362 ## - DATES OF PUBLICATION AND/OR SEQUENTIAL DESIGNATION |
| Dates of publication and/or sequential designation |
Oct 1999-Mar 2000 |
| 520 ## - SUMMARY, ETC. |
| Summary, etc. |
The Senior Command Course is the most prestigious and highest professional course of the U.K. Police Staff College Bramshill. The U.K. Officers seeking admission to this course have to go through a competitive exercise. The competition is tough and the final selection is done by the Home Office on the basis of an interview. The officers from other countries are accepted on the basis of the recommendation of the concerned country and the British Council, their service record and the length of service. The objective of this course is to prepare officers for the highest posts in the police service of the U.K. and elsewhere in the Commonwealth. - Reproduced |
| 650 ## - SUBJECT ADDED ENTRY--TOPICAL TERM |
| Topical term or geographic name entry element |
Police training - Great Britain |
| 650 ## - SUBJECT ADDED ENTRY--TOPICAL TERM |
| Topical term or geographic name entry element |
Police - Great Britain |
| 650 ## - SUBJECT ADDED ENTRY--TOPICAL TERM |
| Topical term or geographic name entry element |
Police |
| 773 ## - HOST ITEM ENTRY |
| Main entry heading |
Indian Police Journal |
| 909 ## - |
| -- |
46180 |